Biodiversidad : (Registro nro. 14237)
[ vista simple ]
| 000 -LEADER | |
|---|---|
| fixed length control field | 01669nam a2200289 u 4500 |
| 001 - CONTROL NUMBER | |
| control field | |
| 003 - CONTROL NUMBER IDENTIFIER | |
| control field | DO-SdBNP |
| 005 - DATE AND TIME OF LATEST TRANSACTION | |
| control field | 20220822121300.0 |
| 008 - FIXED-LENGTH DATA ELEMENTS--GENERAL INFORMATION | |
| fixed length control field | 090706s1997 dr a r 001 0 spa d |
| 040 ## - CATALOGING SOURCE | |
| Original cataloging agency | DO-SdBNP |
| Language of cataloging | spa |
| Transcribing agency | BPMSU |
| 082 #4 - DEWEY DECIMAL CLASSIFICATION NUMBER | |
| Classification number | 304.2 |
| Item number | M385b 1997 |
| Edition number | 22 |
| 100 1# - MAIN ENTRY--PERSONAL NAME | |
| Personal name | Martínez, Eleuterio |
| Dates associated with a name | 1954- |
| 245 10 - TITLE STATEMENT | |
| Title | Biodiversidad : |
| Remainder of title | suma total de la vida / |
| Statement of responsibility, etc. | Eleuterio Martínez. |
| 260 ## - PUBLICATION, DISTRIBUTION, ETC. (IMPRINT) | |
| Place of publication, distribution, etc. | Santo Domingo : |
| Name of publisher, distributor, etc. | Banco de Reservas de la República Dominicana, |
| Date of publication, distribution, etc. | 1997. |
| 300 ## - PHYSICAL DESCRIPTION | |
| Extent | 2 v. ; |
| Dimensions | 24 cm. |
| Other physical details | |
| 490 0# - SERIES STATEMENT | |
| Series statement | Banreservas ; |
| -- | Ciencia, |
| Volume/sequential designation | 2 |
| 500 ## - GENERAL NOTE | |
| General note | Incluye referencia bibliográficas y notas al pie de la páginas |
| 500 ## - GENERAL NOTE | |
| General note | Incluye datos biográficos del autor en la solapa de la cubierta |
| 505 0# - FORMATTED CONTENTS NOTE | |
| Formatted contents note | Vol. 1. Presentación 15 -- Agradecimientos 19 -- Palabras preliminares 21 -- La esencia de la vida 25 -- La expresión de la vida 121 -- El hombre de cara a la vida 201 -- Bibliografía 335 -- Índices de figuras, de cuadros y de citas 339 -- Índice de materias 341 -- Vol. 2. Presentación 15 -- La diversidad de la vida 17 -- La base de la vida 25 -- Los reinos de la vida 37 -- Las relaciones primarias: naturaleza-naturaleza 49 -- Las relaciones intermedias/verticales: naturaleza-organismo 59 -- Las relaciones secundarias: organismo-organismo 75 -- Naturaleza: cooperación y competencia 99 -- Ecología humana 111 -- Ética conservacionista 131 -- Glosario 157 -- Conferencia mundial de educación ambiental 167 |
| 590 ## - LOCAL NOTE (RLIN) | |
| Local note | Inventariado, 2022/VM |
| 650 #4 - SUBJECT ADDED ENTRY--TOPICAL TERM | |
| Topical term or geographic name as entry element | Biodiversidad |
| 650 #4 - SUBJECT ADDED ENTRY--TOPICAL TERM | |
| Topical term or geographic name as entry element | Medio ambiente |
| 650 #4 - SUBJECT ADDED ENTRY--TOPICAL TERM | |
| Topical term or geographic name as entry element | Ecología |
| 650 #4 - SUBJECT ADDED ENTRY--TOPICAL TERM | |
| Topical term or geographic name as entry element | Hombres |
| General subdivision | Influencia sobre la naturaleza. |
| 910 ## - USER-OPTION DATA (OCLC) | |
| User-option data | VMateo V. |
| 942 ## - ADDED ENTRY ELEMENTS (KOHA) | |
| Source of classification or shelving scheme | Dewey Decimal Classification |
| Koha item type | Libros |
| Withdrawn status | Lost status | Source of classification or shelving scheme | Damaged status | Not for loan | Collection code | Home library | Current library | Date acquired | Source of acquisition | Total Checkouts | Full call number | Barcode | Date last seen | Copy number | Price effective from | Koha item type |
|---|---|---|---|---|---|---|---|---|---|---|---|---|---|---|---|---|
| Dewey Decimal Classification | Colección Dominicana | Biblioteca Pública Metropolitana Salomé Ureña | Biblioteca Pública Metropolitana Salomé Ureña | 08/22/2022 | Lourdes Delgado | BPMSU CD 304.2 M385b 1997 | BPMSU22080012 | 08/22/2022 | v.1 | 08/22/2022 | Libros | |||||
| Dewey Decimal Classification | Colección Dominicana | Biblioteca Pública Metropolitana Salomé Ureña | Biblioteca Pública Metropolitana Salomé Ureña | 08/22/2022 | Lourdes Delgado | BPMSU CD 304.2 M385b 1997 | BPMSU22080013 | 08/22/2022 | v.1, e.2 | 08/22/2022 | Libros |